00638nam a2200217Ia 4500001000900000003000500009005001700014008004100031010001100072040000900083082001500092100002700107245008300134260002800217300001100245503000800256650004100264650003400305650004200339650003900381dia_2922CHAP20230526104150.0220117s1994 xx 000 0 und d a173423 cCHAP a338.19 b33 aBassols Batalla, Angel aEl Abasto Alimentario en las Regiones de Mexico /c por Angel Bassols Batalla aMexico :b unam,c1994 a298 p. aC/e a1.AlimentosxAbastecimientoxMexico  aPolitica AlimentariaxMexico  aProductos AgricolasxMercadeoxMexico aProductos AgrícolasxTransporte